| 000 | 00813nas a2200253 4500 | ||
|---|---|---|---|
| 001 | BR0810595 | ||
| 003 | BR-BrBNA | ||
| 005 | 20231205112951.0 | ||
| 007 | ta | ||
| 008 | 230509b bl.|||p| |||| 00| 00por d | ||
| 040 |
_aBR-BrBNA _bpor _cBiblioteca Nacional de Agricultura |
||
| 041 | _a(Pt) | ||
| 072 | _aE70; E71 | ||
| 100 | 1 | _aPonciano, N.J. | |
| 100 | 1 | _aCampos, A.C. | |
| 245 | 1 | _aAlteração da renúncia sobre as tarifas de importações brasileiras e seus efeitos nas cadeias agroindustriais | |
| 650 | _aTARIFA | ||
| 650 | _aIMPORTAÇÃO | ||
| 650 | _aINDUSTRIA AGRÍCOLA | ||
| 650 | _aMERCOSUL | ||
| 773 | 0 |
_tRevista de Economia e Sociologia Rural (Brazil) _xISSN 0103-2003 _g(Jul -Sep 2001), v. 39(3) p. 93-116 _wBR0810595 |
|
| 909 |
_a202311 _bLúcia _c55 _dLúcia Elande |
||
| 942 |
_2AGRIS _n0 _cANA |
||
| 999 |
_c201080 _d201080 |
||